Fußball-EM der Frauen 2022 DFB Kader - Statistiken

Allgemein
  • Dieses Quiz wurde 2.316 mal gespielt
  • Das Durchschnittsergebnis liegt bei 17 aus 24
Antwortstatistiken
Position Spielerin % Korrekt
Angriff Alexandra Popp
96%
Tor Merle Frohms
91%
Mittelfeld Lena Oberdorf
87%
Abwehr Giulia Gwinn
84%
Mittelfeld Jule Brand
82%
Angriff Lea Schüller
82%
Tor Ann-Katrin Berger
76%
Mittelfeld Klara Bühl
74%
Angriff Laura Freigang
74%
Mittelfeld Lina Magull
74%
Trainerin Martina Voss-Tecklenburg
74%
Abwehr Marina Hegering
72%
Tor Almuth Schult
69%
Abwehr Kathrin Hendrich
69%
Mittelfeld Svenja Huth
68%
Mittelfeld Sara Däbritz
66%
Mittelfeld Linda Dallmann
64%
Angriff Nicole Anyomi
64%
Mittelfeld Sydney Lohmann
64%
Abwehr Felicitas Rauch
62%
Abwehr Sara Doorsoun
59%
Abwehr Sophia Kleinherne
56%
Mittelfeld Lena Lattwein
52%
Angriff Tabea Waßmuth
44%
Keine übereinstimmenden Quizze gefunden
Verteilung der Resultate
Anzahl Personen mit jedem Resultat
Perzentil nach korrekt beantworteten Fragen
Ihre Resultats-Entwicklung
Sie haben dieses Quiz noch nicht gespielt